000 01692nam a2200409Ia 4500
001 ebr10395139
003 CaPaEBR
006 m u
007 cr cn|||||||||
008 091104s2010 wiub sb 001 0 eng d
010 _z 2009046343
020 _z9780299236748 (pbk. : alk. paper)
020 _z9780299236731 (e-book)
040 _aCaPaEBR
_cCaPaEBR
035 _a(OCoLC)649914007
050 1 4 _aKTD454
_b.C7813 2010eb
082 0 4 _a345.67571/0251
_222
100 1 _aCruvellier, T.
_q(Thierry)
240 1 0 _aTribunal des vaincus.
_lEnglish
245 1 0 _aCourt of remorse
_h[electronic resource] :
_binside the International Criminal Tribunal for Rwanda /
_cThierry Cruvellier ; translated by Chari Voss.
260 _aMadison, Wis. :
_bUniversity of Wisconsin Press,
_cc2010.
300 _axiii, 188 p. :
_bmap.
490 1 _aCritical human rights
504 _aIncludes bibliographical references and index.
533 _aElectronic reproduction.
_bPalo Alto, Calif. :
_cebrary,
_d2013.
_nAvailable via World Wide Web.
_nAccess may be limited to ebrary affiliated libraries.
610 2 0 _aInternational Criminal Tribunal for Rwanda.
650 0 _aTrials (Crimes against humanity)
_zRwanda.
650 0 _aWar crime trials
_zRwanda.
650 0 _aGenocide
_zRwanda.
651 0 _aRwanda
_xHistory
_yCivil War, 1990-1993
_xAtrocities.
651 0 _aRwanda
_xHistory
_yCivil War, 1994
_xAtrocities.
655 7 _aElectronic books.
_2local
700 1 _aVoss, Chari.
710 2 _aebrary, Inc.
830 0 _aCritical human rights.
856 4 0 _uhttp://site.ebrary.com/lib/rucke/Doc?id=10395139
_zAn electronic book accessible through the World Wide Web; click to view
999 _c88251
_d88251